Practical design of power supplies /
保存先:
| 第一著者: | |
|---|---|
| フォーマット: | 図書 |
| 言語: | English |
| 出版事項: |
New York :
McGraw-Hill : IEEE Press,
1998.
|
| 主題: | |
| タグ: |
タグ追加
タグなし, このレコードへの初めてのタグを付けませんか!
|
| Thư viện lưu trữ: | Mạng thư viện Đại học Đà Nẵng |
|---|
| LEADER | 00784cam a2200313 i 4500 | ||
|---|---|---|---|
| 001 | 000046104 | ||
| 003 | 5375 | ||
| 005 | 20030317091423.0 | ||
| 008 | 010220|1998 vm 000 eng | ||
| 020 | |a 0071343245 | ||
| 040 | |a IRC |c IRC |d IRC | ||
| 041 | 0 | |a eng | |
| 082 | 1 | 4 | |a 621.3 |b LE-R |
| 100 | 1 | |a Lenk, Ron, |d 1958- | |
| 245 | 0 | 0 | |a Practical design of power supplies / |c Ron Lenk, 1958- |
| 260 | |a New York : |b McGraw-Hill : IEEE Press, |c 1998. | ||
| 300 | |a xvii, 267p. : |b ill. | ||
| 630 | 0 | 4 | |a Electric power. |
| 650 | 0 | 4 | |a Electric power. |
| OWN | |a DUT | ||
| 999 | |a From the UDN01 | ||
| TYP | |a Monograph | ||
| TYP | |a Printed language | ||
| 980 | |a Mạng thư viện Đại học Đà Nẵng | ||


